Adult acute lymphoblastic leukaemia : (رقم التسجيلة. 84924)

تفاصيل مارك
000 -LEADER
fixed length control field 012630000a22003490004500
003 - CONTROL NUMBER IDENTIFIER
control field EG-GICUC
005 - DATE AND TIME OF LATEST TRANSACTION
control field 20250223032941.0
008 - FIXED-LENGTH DATA ELEMENTS--GENERAL INFORMATION
fixed length control field 070408s2003 ua a f m 000 0 eng d
040 ## - CATALOGING SOURCE
Original cataloging agency EG-GICUC
Language of cataloging eng
Transcribing agency EG-GICUC
041 0# - LANGUAGE CODE
Language code of text/sound track or separate title Eng
049 ## - LOCAL HOLDINGS (OCLC)
Holding library Deposite
097 ## - Thesis Degree
Thesis Level M.Sc
099 ## - LOCAL FREE-TEXT CALL NUMBER (OCLC)
Classification number Cai01.11.23.M.Sc.2003.Ra.A
100 0# - MAIN ENTRY--PERSONAL NAME
Personal name Raafat Ragai Abd El malek
245 10 - TITLE STATEMENT
Title Adult acute lymphoblastic leukaemia :
Remainder of title Retrospective study /
Statement of responsibility, etc. Raafat Ragai Abd El malek ; Supervised Farouk Ahmed Haggag , Hamdy Mohamed Zawam , Emad Ezzat Habib
246 15 - VARYING FORM OF TITLE
Title proper/short title سرطان الدم الليمفاوى الحاد فى البالغين : دراسة مرجعية
260 ## - PUBLICATION, DISTRIBUTION, ETC.
Place of publication, distribution, etc. Cairo :
Name of publisher, distributor, etc. Raafat Ragai Abd El malek ,
Date of publication, distribution, etc. 2003
300 ## - PHYSICAL DESCRIPTION
Extent 175P :
Other physical details ill ;
Dimensions 25cm
502 ## - DISSERTATION NOTE
Dissertation note Thesis (M.Sc.) - Cairo University - Faculty Of Medicine - Department Of Oncology
530 ## - ADDITIONAL PHYSICAL FORM AVAILABLE NOTE
Additional physical form available note Issued also as CD
653 #4 - INDEX TERM--UNCONTROLLED
Uncontrolled term Acute lymphoblastic leukaemia
653 #4 - INDEX TERM--UNCONTROLLED
Uncontrolled term ALL
653 #4 - INDEX TERM--UNCONTROLLED
Uncontrolled term BMT
653 #4 - INDEX TERM--UNCONTROLLED
Uncontrolled term MRD
700 0# - ADDED ENTRY--PERSONAL NAME
Personal name Emad Ezzat Habib ,
Relator term
700 0# - ADDED ENTRY--PERSONAL NAME
Personal name Farouk Ahmed Haggag ,
Relator term
700 0# - ADDED ENTRY--PERSONAL NAME
Personal name Hamdy Mohamed Zawam ,
Relator term
856 ## - ELECTRONIC LOCATION AND ACCESS
Uniform Resource Identifier <a href="http://172.23.153.220/th.pdf">http://172.23.153.220/th.pdf</a>
905 ## - LOCAL DATA ELEMENT E, LDE (RLIN)
Cataloger Enas
Reviser cataloger
905 ## - LOCAL DATA ELEMENT E, LDE (RLIN)
Cataloger Mustafa
Reviser Revisor
942 ## - ADDED ENTRY ELEMENTS (KOHA)
Source of classification or shelving scheme Dewey Decimal Classification
Koha item type Thesis
المقتنيات
Source of classification or shelving scheme Not for loan Home library Current library Date acquired Full call number Barcode Date last seen Koha item type
Dewey Decimal Classification   المكتبة المركزبة الجديدة - جامعة القاهرة قاعة الرسائل الجامعية - الدور الاول 11.02.2024 Cai01.11.23.M.Sc.2003.Ra.A 01010110041305000 22.09.2023 Thesis
Dewey Decimal Classification   المكتبة المركزبة الجديدة - جامعة القاهرة مخـــزن الرســائل الجـــامعية - البدروم 11.02.2024 Cai01.11.23.M.Sc.2003.Ra.A 01020110041305000 22.09.2023 CD - Rom
Cairo University Libraries Portal Implemented & Customized by: Eng. M. Mohamady Contacts: new-lib@cl.cu.edu.eg | cnul@cl.cu.edu.eg
CUCL logo CNUL logo
© All rights reserved — Cairo University Libraries
CUCL logo
Implemented & Customized by: Eng. M. Mohamady Contact: new-lib@cl.cu.edu.eg © All rights reserved — New Central Library
CNUL logo
Implemented & Customized by: Eng. M. Mohamady Contact: cnul@cl.cu.edu.eg © All rights reserved — Cairo National University Library